000 00325nam a22001457a 4500
008 210305b ||||| |||| 00| 0 eng d
020 _a9780716728719
041 _aeng
080 _2sixth edition
_a541
082 _2541
100 _a12
101 _aKIM
245 _aPhysical Chemistry
_cPeter Atkins
942 _2udc
_cBK
999 _c55828
_d55828